History of Painting : XIXth Century part 4 (Slideshow) Quiz Stats

 Plays Quiz not verified by Sporcle

Score 0/28 Timer 10:00
0 Plays Today
% Correct
Eugène Delacroix
92.3%
James Abbott McNeill Whistler
81.8%
Katsushika Hokusai
77.9%
John James Audubon
52.8%
Thomas Eakins
48.1%
Arnold Böklin
45.3%
Paul Signac
44.8%
Lawrence Alma-Tadema
42.3%
Aubrey Beardsley
35.9%
Edward Burne-Jones
33.7%
Utagawa Hiroshige
32%
John Trumbull
27.1%
Fernand Khnopff
27.1%
Emile Bernard
24.3%
% Correct
William-Adolphe Bouguereau
22.1%
Max Liebermann
21%
George Frederic Watts
20.4%
Viktor Vasnetsov
17.1%
Adolph Menzel
16.6%
Jules Breton
16%
Vasily Perov
13.3%
Ferdinand Georg Waldmüller
12.9%
Giovanni Fattori
12.2%
Joseph Anton Koch
12.2%
Wilhelm Leibl
12.2%
Louis Janmot
12.2%
Józef Pankiewicz
11.6%
James Ward
11%

You're not logged in!

Compare scores with friends on all Sporcle quizzes.
OR
Log In

Sporcle TV

Today on Sporcle TV


Watch our educational content, quiz creation guides, and fun videos on Sporcle TV.

Show Comments

Extras

Top Quizzes Today


Score Distribution

Your Account Isn't Verified!

In order to create a playlist on Sporcle, you need to verify the email address you used during registration. Go to your Sporcle Settings to finish the process.

Report this User

Report this user for behavior that violates our Community Guidelines.

Details: